[Event "EU-ch 8th"]
[Site "Dresden"]
[Date "2007.04.05"]
[Round "3"]
[White "Meier, Georg"]
[Black "Vitiugov, Nikita"]
[Result "1/2-1/2"]
[WhiteElo "2484"]
[BlackElo "2604"]
[Annotator "Meier,Georg"]
[PlyCount "80"]
[EventDate "2007.04.03"]
[EventType "swiss"]
[EventRounds "11"]
[EventCountry "GER"]
[SourceTitle "CBM 118"]
[Source "ChessBase"]
[SourceDate "2007.05.31"]
[SourceVersion "1"]
[SourceVersionDate "2007.05.31"]
[SourceQuality "1"]

{One of my most exciting games in this ECh.  Eine meiner spannendsten Partien
bei dieser EM.} 1. e4 c5 2. Nf3 e6 3. d4 cxd4 4. Nxd4 Nc6 5. Nc3 a6 {A
surprise! I had had to prepare for 4 other openings. But Vitiugov does not
like going into duels over opening preparation and now adds a fifth system to
his repertoire.  Das war eine Überraschung! Ich hatte mich auf 4 andere
Eröffnungssysteme vorbereiten müssen. Aber Vitiugov lässt sich nicht gerne auf
Vorbereitungsduelle ein und fügte seinem Repertoire nun ein fünftes System
hinzu.} 6. Nxc6 bxc6 7. Bd3 d5 8. O-O Nf6 9. Qe2 ({In the last ECh I chose Bei
der letzten EM wählte ich gegen Dimitrios Mastrovasilis} 9. Re1 {against
Dimitrios Mastrovasilis and was unsuccessful with it.Since this was the only
game I had played in this line, I was well aware what Nikita was expecting.
und zwar ohne Erfolg. Da dies meine einzige bekannte Partie in dieser Variante
ist, war mir klar, worauf sich Nikita eingestellt hatte.}) 9... Be7 10. b3 O-O
11. Bb2 a5 $6 {I don't understand why Black is weakening the b5-square. 11...
Bb7 or 11...c5 is preferable. Ich verstehe nicht, warum Schwarz dass Feld b5
schwächt. 11...Bb7 oder 11...c5 ist vorzuziehen.} (11... Bb7 12. Na4 Qc7 13. e5
$5 Nd7 14. c4 dxc4 15. Bxc4 c5 16. Rad1 Rfd8 17. Rd3 Bc6 (17... Nb6 $5) 18. Bc3
g6 19. Rfd1 Rdb8 20. Qg4 Rb7 21. Qf4 $14 {0-1 Filippov,A (2500)-Karjakin,S 
(2661)/Turin ITA 2006/The Week in Chess 603 (67)}) (11... c5 12. Rad1 Bb7 13.
Na4 Qc7 14. exd5 Bxd5 (14... Nxd5 $2 15. Be5 Qc6 16. Be4 f6 17. c4 Rfd8 18. Qh5
fxe5 19. Qxh7+ Kf8 20. cxd5 exd5 21. f4 exf4 22. Bg6 Qe6 23. Qh8+ Qg8 24. Rxf4+
Bf6 25. Rxf6+ {1-0 Svidler,P (2743)-Volokitin,A (2660)/Turin ITA 2006/The Week
in Chess 604}) 15. c4 Bc6 16. Be5 Qa7 17. Nc3 Rad8 18. Ne4 Nxe4 19. Bxe4 Qb7
$11 {1/2-1/2 Vachier Lagrave,M (2577)-Lautier,J (2675)/Besancon BRA 2006/The
Week in Chess 617 (23)}) 12. Rad1 (12. Na4 $1 {gets c4 in quicker and so is
better. setzt c4 schneller durch und ist deshalb besser.}) 12... Bb7 13. Na4
Qc7 {It is now too late for c4, so I would need to find another idea.  Jetzt
ist es zu spät für c4, so dass ich eine andere Idee finden musste.} 14. exd5 $5
{Strategically speaking a concession. But White gets the initiative. Aus
strategischer Sicht ist das ein Zugeständis, aber Weiß erhält die Initiative.}
(14. c4 dxe4 $1 15. Bxe4 Nxe4 16. Qxe4 c5 17. Qe5 Qxe5 18. Bxe5 Bc6 19. Nb6 Ra6
(19... Rad8 $5 20. Bc3 f6 21. Bxa5 Kf7) 20. Nd7 Rc8 21. Bd6 (21. Nb8 Ra7 22.
Nxc6 Rxc6 $11) 21... Bxd7 22. Bxe7 Be8 23. Rfe1 a4 $11) 14... cxd5 15. Be5 Qc6
$2 {This looks the prinicpled move. But my opponent was underestimating my
17th move. Das sieht prinzipiell aus. Mein Gegner unterschätzte jedoch den 17.
Zug.} (15... Qd8 $1 16. c4 {/\ Qb2} Bd6 (16... Nd7 17. Bg3 (17. Bb2 Bf6 $11))
17. Bd4 $36) (15... Bd6 $2 16. Bxf6 gxf6 17. Bxh7+ Kh8 18. Qh5 $16) 16. Bb5 Ba6
17. c4 $1 {I could really feel how strong this move was, but I did spend a
good half hour making certain that Black does not have a satisfactory
defensive plan. Here the b-pawn cannot play a neutral part, it must be either
strong or weak. Ich spürte die Stärke dieser Idee förmlich, verwendete aber
trotzdem eine knappe halbe Stunde, um sicherzugehen, dass Schwarz keinen
ausreichenden Verteidigungsplan hat. Denn der b-Bauer kann hier keine neutrale
Rolle spielen. Er ist stark oder schwach.} ({After Nach} 17. Bxc6 Bxe2 18. Bxa8
Rxa8 19. c4 dxc4 20. bxc4 Rc8 {equality is within Black's grasp. liegt der
Ausgleich für Schwarz in Reichweite.}) 17... Bxb5 18. cxb5 Qb7 19. Rc1 Rfc8 20.
b6 Ne8 (20... Ba3 $5 21. Rc7 Rxc7 22. Bxc7 Ne8 (22... Rc8 23. Qb5 Ne8 24. Bf4
Bb4 25. Ra1 $5) 23. Be5 Rc8 24. Bc3) 21. Qb5 Bb4 22. Nc5 {It was also possible
to further improve my position, but the text move is simple and strong. Es war
auch möglich, die Stellung weiter zu verbessern, aber der Textzug ist einfach
und stark.} (22. h3 $5 f6 $6 23. Bb2 (23. Bc7 $2 {is a complete waste of time
here. ist hier ein Schuss in den Ofen.} Rxc7 24. Rxc7 Nxc7 25. Qd7 Ba3 $1 {
cuts off support from the c-pawn. schneidet dem c-Bauern die Unterstützung ab.}
(25... Qc8 26. Qxc8+ Rxc8 27. Rc1 $16)) 23... e5 24. a3 $16) 22... Bxc5 23.
Rxc5 Rxc5 (23... f6 $2 {would have allowed a nice finish. hätte ein schönes
Finale erlaubt.} 24. Rxc8 $1 Rxc8 25. Bc7 $1 Nxc7 26. Qd7 $18) 24. Qxc5 Rc8 25.
Bc7 $2 {The position which arose seemed so overpowering that I scorned the win
of the pawn. Even my opponent admitted that he had the feeling that he would
soon have to resign. It is astonishing what defensive resources Black still
has at his disposal! Die entstehende Stellung sah so überwältigend aus, dass
ich den Bauerngewinn verschmähte. Selbst mein Gegner gab zu, dass er das
Gefühl hatte, bald aufgeben zu müssen. Es ist erstaunlich, welche
Verteidigungsressourcen Schwarz noch zur Verfügung stehen!} (25. Qxa5 $1 {
There are far fewer technical problems here, as I thought - none at all. Hier
gibt es weit weniger technische Schwierigkeiten, als ich dachte - nämlich
keine!} f6 26. Bd4 Nd6 27. a4 e5 28. Bc5 Ne4 29. Bb4 $18) 25... Nxc7 26. Rc1 h5
$1 {creates a vital air hole here, but also threatens h5-h4 to restrict
White's kingside so much that possibilities of perpetual check might arise.
schafft nicht nur ein lebenswichtiges Luftloch, sondern droht auch mit h5-h4
den weißen Königsflügel so einzuengen, dass Dauerschachdrohungen auftreten
könnten.} ({I had expected only Ich hatte nur} 26... d4 $2 27. bxc7 Qb4 28. Qc6
Qd2 29. g3 d3 30. Rc4 $18 {erwartet.}) 27. h4 (27. bxc7 Qb4 28. Qc6 Qd2 29. h4
(29. g3 h4 30. Kg2 Kh7 $1 (30... h3+ 31. Kxh3 Qxf2 32. Qd7 Qf5+ 33. Kg2 Qe4+
34. Kf2 Qd4+ 35. Ke2 Qe4+ 36. Kd2 Qb4+ 37. Kd3 Qe4+ 38. Kc3 Qb4+ 39. Kb2 $16)
31. gxh4 Qf4 $132) 29... d4 {is a transposition of moves. ist eine
Zugumstellung}) 27... d4 28. bxc7 Qb4 29. Qc6 $6 {The alternatives offered
better chances of victory, but it was hard to see this with time trouble fast
approaching. Die Alternativen bieten bessere Siegchancen, aber das war in
herannahender Zeitnot schwer abzusehen.} (29. Qxh5 $5) (29. Qg5 $5) 29... Qd2
30. g3 d3 31. Kg2 Qb2 32. Rc4 (32. Rc3 d2 33. Rd3 Qe5 $11) 32... Qe5 33. Qd7 ({
The last chance lay in Die letzte Chance bestand in} 33. Rc5 $1 Qd4 34. Rxa5 d2
35. Ra8 Rxa8 36. Qxa8+ Kh7 37. c8=Q d1=Q 38. Qcb7 Q4a1 39. Kh3 $14) 33... Qd5+
34. Qxd5 exd5 35. Rd4 Rxc7 36. Rxd5 (36. Rxd3 Rc5 37. Kf3 Kf8 38. Ke3 Ke7 39.
Kd4 Rc2 $11) 36... Rc2 37. a4 Rc3 38. Rxh5 Rxb3 39. Rxa5 d2 40. Rd5 Ra3 {
Vitiugov's defensive performance had so impressed me that I gave up trying for
a win. he surprised me by saying that in Russia he would certainly have been
tortured for another 100 moves and that in my position he too would play on.
White has no more realistic winning chances here, but the fighting spirit of
the Russians has to be admired... Vitiugovs Verteidigungsleistung hat Eindruck
auf mich gemacht, so dass ich die Gewinnbemühungen einstellte. Er überraschte
mich nach der Partie mit der Aussage, dass er in Russland sicherlich noch 100
Züge gequält worden wäre und auch selbst an meiner Stelle weiterspielen würde!
Realistische Gewinnchancen hat Weiß hier nicht mehr, aber der Kampfeswille der
Russen ist nur zu bewundern...} 1/2-1/2

[Event "Metz op 31th"]
[Site "Metz"]
[Date "2013.04.24"]
[Round "4"]
[White "Svetushkin, Dmitry"]
[Black "Philippe, Christophe"]
[Result "1-0"]
[WhiteElo "2588"]
[BlackElo "2384"]
[Annotator "Metz Alekhine/Primel,D"]
[PlyCount "61"]
[EventDate "2013.04.20"]
[EventType "swiss"]
[EventRounds "9"]
[EventCountry "FRA"]
[SourceTitle "EXT 2016"]
[Source "ChessBase"]
[SourceDate "2015.10.08"]
[SourceVersion "1"]
[SourceVersionDate "2015.10.08"]
[SourceQuality "1"]
[TimeControl "40/5400:1800+30"]
[WhiteClock "1:30:00"]
[BlackClock "1:30:00"]

1. e4 c5 2. Nf3 e6 3. d4 cxd4 4. Nxd4 Nc6 5. Nc3 a6 {Une variante solide mais
un peu passive} (5... Qc7 $142) 6. Nxc6 $1 bxc6 7. Bd3 d5 (7... Qc7 {
L'alternative} 8. O-O Nf6 9. Qe2 d5 10. b3 (10. f4) 10... Be7 11. Bb2 O-O 12.
Rae1 Bb7 13. Kh1 Rfe8 14. f4 c5 15. e5 Nd7 16. Nd1 c4 {Vuckovic,B (2600)
-Rajkovic,D (2392) Gligoric Cup 2013 (7.1) 1-0} (16... d4 {[%csl Rb2]}) (16...
a5 {[%cal Ga5a4]})) 8. O-O Nf6 9. Qe2 (9. Re1) 9... Be7 10. Bf4 $5 (10. b3 {
La grande ligne} O-O 11. Bb2) 10... O-O 11. b3 {Bizarre après avoir joué Bf4
mais le plan des Blancs est de soutenir la poussée c4} (11. Rad1 $142 {
Muchnik,K-Furman,S Moscow 1970 (7) 1-0}) 11... Bb7 12. Rad1 Nd7 $146 (12... g6
13. Na4 Re8 14. c4 d4 15. c5 Nh5 16. Bd2 e5 17. g3 Ra7 18. b4 Bc8 19. Nb6 Bh3
20. Rfe1 a5 21. a4 axb4 22. Bxb4 Ng7 23. a5 Ne6 24. Na4 h5 25. Rb1 Kg7 26. Rec1
h4 27. Bd2 hxg3 28. fxg3 Rxa5 29. Bxa5 Qxa5 30. Ra1 Qd8 31. Rc2 Bg5 32. Kh1 Be3
33. Nb6 Nxc5 34. Rxc5 Qxb6 35. Rca5 Qd8 36. Qf3 Be6 37. h4 Qf6 38. Kg2 Bh3+ 39.
Kxh3 Qxf3 40. Rf1 Bf2 {0-1 (40) Horvat,D (2209) -Cvetkovic,S (2352) Arad 2013})
13. Na4 $14 {[%cal Gc2c4,Gd1d8]} Nb6 14. Nxb6 Qxb6 15. c4 Rfd8 16. Be3 Bc5 17.
Bg5 (17. Bxc5 $6 Qxc5 $11 {[%csl Rd3]}) 17... Rd7 18. e5 $1 {[%cal Ge2g4,Gg5f6]
Gagne de l'espace et les pièces Noires sont mal placées pour déféendre
l'aile-roi.} Be7 19. h4 a5 20. Bf6 $5 Bxf6 (20... gxf6 $5 21. Bxh7+ (21. Qg4+
Kf8 22. Bxh7 Ke8) 21... Kf8 22. Qg4 Ke8 {Le K Noir doit pouvoir survivre à
l'attaque en se réfugiant sur l'autre aile}) 21. exf6 gxf6 22. Qh5 Kf8 (22...
f5 23. Qg5+ Kh8 (23... Kf8 24. Qh6+ Ke7 25. Bxf5 exf5 26. Rfe1+ Kd8 27. cxd5
$44) 24. Bxf5 $1 exf5 25. Qf6+ Kg8 26. Rd3 $36 {[%cal Gd3g3]}) 23. Qxh7 Ke7 (
23... a4) 24. Rfe1 (24. Bg6 Kd8 25. Bxf7 Qc7) 24... c5 (24... Kd8) 25. Bf5 $1
Rd6 26. h5 Rad8 27. h6 $40 {[%cal Gh7g7,Gh6h8]} dxc4 $2 28. Rxd6 Rxd6 29. Bg6
cxb3 30. Qxf7+ Kd8 31. h7 1-0

[Event "World Women-ch k.o."]
[Site "Sochi"]
[Date "2015.03.28"]
[Round "4.3"]
[White "Muzychuk, Anna"]
[Black "Cramling, Pia"]
[Result "0-1"]
[WhiteElo "2552"]
[BlackElo "2495"]
[Annotator "Mikhalchishin,A"]
[PlyCount "90"]
[EventDate "2015.03.17"]
[EventType "k.o."]
[EventRounds "6"]
[EventCountry "RUS"]
[SourceTitle "CBM 166"]
[Source "ChessBase"]
[SourceDate "2015.05.11"]
[SourceVersion "1"]
[SourceVersionDate "2015.05.11"]
[SourceQuality "1"]

1. e4 c5 2. Nf3 e6 3. d4 cxd4 4. Nxd4 Nc6 5. Nc3 a6 6. Nxc6 {This is a very
effective opening strategy in the Paulsen.} bxc6 7. Bd3 d5 8. O-O Nf6 9. Qe2
Be7 10. b3 ({Possibly a better direct plan of attacking on the queenside is} 
10. Na4 O-O 11. c4 Bb7 12. e5 (12. Bf4 dxe4 13. Bxe4 Nxe4 14. Qxe4 Qa5 15. c5
Rad8 16. Rac1 Qb5 17. Rc4 a5 18. Nc3 Qa6 19. Ra4 {Bologan,V (2668)-Rublevsky,S
(2704)/Poikovsky 2010 with a slight advantage,.}) 12... Nd7 13. Bf4 Nb6 $146
14. cxd5 cxd5 (14... Nxa4 $2 15. d6 Bg5 16. Qe4 $18) 15. Nc3 Nd7 16. Rad1 Nc5
17. Bb1 a5 18. Rfe1 g6 19. Be3 Ba6 {Ponomariov,R (2717)-Rublevsky,S (2680)/
Elista (m) 2007 Black got good counterplay.}) 10... O-O 11. Bb2 Bb7 ({Other
more active options are not sufficient} 11... a5 12. Rad1 Qc7 13. Na4 $5 Bb7 (
13... dxe4 14. Bxe4 Nxe4 15. Qxe4 $14) 14. c4 Rfd8 (14... dxe4 {>=} 15. Bxe4
Nxe4 16. Qxe4 c5 17. Qe3 Rfd8 18. Be5 Qc6 19. f3 $14) 15. e5 Nd7 16. cxd5 cxd5
17. Rc1 Qb8 18. Bd4 $16 {Smyslov,V (2520)-Hansen,C (2590)/Biel (izt) 1993}) (
11... c5 $2 12. exd5 exd5 13. Nxd5 $1 Nxd5 (13... Qxd5 14. Qxe7 Bb7 15. f3 $18)
14. Rad1 Bd6 (14... Bb7 15. Be4 Bd6 16. Qf3 Qc7 17. g3 $16) ({d)} 14... Ra7 15.
Bc4 Be6 16. Bxd5 Bxd5 17. c4 $16 Bxc4 $2 18. Qg4 $1) 15. Bxh7+ $1 Kxh7 16. Qh5+
Kg8 17. Qxd5 Bxh2+ 18. Kxh2 Qxd5 19. Rxd5 c4 20. b4 $16) 12. Rae1 Qc7 13. f4
Rfe8 {A classical position has been achieved, White has to launch an attack on
the kingside.} 14. e5 Nd7 15. f5 $6 {Very direct and very risky.} ({A calmer
way of attack here is} 15. Na4 c5 $2 (15... Nc5 $1) 16. f5 exf5 17. e6 Nf6 18.
exf7+ Kxf7 19. Bxf5 Kg8 20. Qe6+ Kf8 21. Bxh7 {1-0 Sedlak,N (2468)-Stojanovic,
D (2442)/Yugoslavia 2002/EXT 2006}) (15. Rf3 g6 16. Nd1 (16. Rh3 Bf8 17. Nd1 c5
18. Ne3 c4 19. bxc4 Qb6 20. Bc1 dxc4 21. Bxc4 Rac8 22. Kh1 Qc6 23. Bd3 Nc5 24.
Nc4 {Michalik,P (2244)-Kuljasevic,D (2408)/Steinbrunn 2005 with a better
position.}) 16... c5 17. Rh3 d4 18. c3 Nb6 19. c4 Kg7 20. Bc1 Nd7 21. Nf2 h5
22. Ne4 Rh8 23. Bd2 Bc6 24. Qf2 Rab8 25. Qg3 Qd8 26. Rf1 {Fedoseev,V (2247)
-Shkuran,D (2437)/Orsha 2008 Black is still under pressure.}) (15. Nd1 f5 16.
exf6 Bxf6 17. Qh5 Nf8 $2 (17... h6 18. Be5 Bxe5 19. fxe5 Nc5 20. Ne3 $16) 18.
Bxf6 gxf6 19. Rf3 {Sanden,S (2315)-Nordstrom,F (2209)/Sweden 2003 with a
strong attack.}) 15... exf5 16. Bxf5 Bc5+ 17. Kh1 Nf8 $2 ({Strange - why did
the experienced Pia chicken out here? It was necesary to accept the sacrifice:
} 17... Rxe5) 18. Na4 Bb4 19. c3 Be7 20. Qg4 ({More logical here was a typical
attack on the centre:} 20. c4) 20... Bc8 21. c4 Be6 22. Rf3 Bxf5 23. Qxf5 Bb4
24. Ref1 Ne6 25. cxd5 cxd5 26. Qxf7+ Qxf7 27. Rxf7 Rac8 28. Rd7 Red8 29. Rxd8+
Rxd8 30. Rd1 d4 31. Nb6 Kf7 32. g3 ({Maybe it was better to stop the black
king with} 32. g4) 32... Kg6 33. Kg2 Kf5 {Now it became clear what Cramling
wanted to achieve - with the activation of her king and a passed pawn she
obtained full compensation for the pawn.} 34. Kf3 Ng5+ 35. Ke2 Ke4 36. Rd3 $4 {
A terrible mistake.} ({The correct way was} 36. Rf1 Ne6 (36... d3+ 37. Kd1 Nf3
38. Nc4) 37. Nc4 Rf8) {missing} 36... Nh3 $1 $19 {After this unexpected move
the white pieces are under terrible threats.} 37. Rd1 d3+ 38. Kf1 Rf8+ 39. Kg2
Nf2 40. Rf1 d2 41. a3 d1=Q 42. Rxd1 Nxd1 43. axb4 Nxb2 44. e6 Re8 45. Nd7 Nd3
0-1

[Event "EU-ch 18th"]
[Site "Minsk"]
[Date "2017.05.31"]
[Round "2"]
[White "Minasian, Artashes"]
[Black "Mchedlishvili, Mikheil"]
[Result "1-0"]
[WhiteElo "2480"]
[BlackElo "2605"]
[Annotator "Moradiabadi,E"]
[PlyCount "101"]
[EventDate "2017.05.30"]
[EventType "swiss"]
[EventRounds "11"]
[EventCountry "BLR"]
[SourceTitle "CBM 179"]
[Source "ChessBase"]
[SourceDate "2017.07.12"]
[SourceVersion "1"]
[SourceVersionDate "2017.07.12"]
[SourceQuality "1"]

1. e4 $1 {Minasian opts for 1.e4 but a sideline will ensue nevertheless!
Minasian was never a theoretical player!} c5 2. Nc3 e6 3. f4 {Minasian goes
for the GP attack.} Nc6 4. Nf3 a6 5. d4 {A change of heart! Minasian goes for
the Open Sicilian main line. He must have been very inspired to play this
style!} cxd4 6. Nxd4 Nxd4 (6... Qc7 {is what is considered as the main line in
this 'Sicilian Taimanov'.}) 7. Qxd4 b5 8. Be3 {A natural move played after
some thought. White is planning to castle queenside.} Bb7 9. O-O-O {A rare
line with mixed results.} Rc8 10. Kb1 (10. Be2 {is a natural move which has
been chosen by Israeli GM Ilja Smirin with good success.} Nf6 11. Bf3 Be7 (
11... b4 {is probably the move to consider here.} 12. Na4 d5 13. exd5 Bxd5 14.
Bxd5 Nxd5 15. f5 {with extreme complications.}) 12. e5 Bxf3 13. gxf3 Nh5 14.
Ne4 {And White is already much better.} f5 15. exf6 Nxf6 16. Rhg1 Qc7 17. Rd2
O-O 18. Nxf6+ Bxf6 19. Qxd7 Qc4 20. Bd4 Rf7 21. Qd6 Qxa2 22. b3 Rd8 23. Rxg7+
Rxg7 24. Qxe6+ Rf7 25. Rg2+ Kf8 26. Bc5+ Be7 27. Bxe7+ {1-0 (27) Smirin,I 
(2663)-Rublevsky,S (2695) Khanty-Mansiysk 2013}) 10... Ne7 {Typical, but I am
not sure if it is sufficient for a balanced fight.} (10... Nf6 {was examined
before by a young Ukrainian-American GM, when things backfired after} 11. e5
Ng4 12. Ne4 Bd5 13. a3 Qa5 14. Bc1 b4 15. Nd6+ Bxd6 16. exd6 O-O 17. h3 bxa3 $2
(17... Nf6 18. Qxb4 Qxb4 19. axb4 Be4 20. Bd3 Bxg2 21. Rh2 Bf3 22. Rg1 Rc6 {
and Black is fine.}) 18. Bd2 $1 Qc5 19. Qxc5 Rxc5 20. hxg4 Rb8 21. b4 Be4 22.
Bd3 Bxd3 23. cxd3 a5 24. Rc1 Rd5 25. Rc3 axb4 26. Rb3 f5 27. g5 Rb6 28. Ka2 Rc5
29. Bxb4 Rc2+ 30. Ka1 Rxg2 31. Rc1 Kf7 32. Rc4 h5 33. gxh6 gxh6 34. Rxa3 Rg1+ {
1-0 (34) Cuartas, J (2483)-Zherebukh,Y (2618) Montcada 2014}) 11. Be2 Nc6 12.
Qb6 $1 {Otherwise, Black's attack could become very annoying. White opts for
an endgame where he has good pressure along the d-file.} Qxb6 13. Bxb6 Bb4 14.
Rd3 Ne7 (14... Bxc3 15. Rxc3 Ne7 {and Black is fine thanks to the tactics
involving the bishop on b6.}) 15. Rhd1 Bxc3 16. Rxd7 {A tactical sequence
starts which requires a lot of accuracy from both sides, but the ensuing
forced position is approximately balanced.} Bd5 17. Rc7 $1 {The only move.}
Rxc7 18. Bxc7 {Now the bishop on d5 is pinned to the d8-square.} Bb4 $6 {
This is a precious loss of tempo.} (18... Kd7 $1 19. Be5 (19. exd5 Kxc7 20. d6+
Kc6 21. dxe7 Bf6 {with a drawish endgame.}) 19... Bxe5 20. fxe5 Kc7 21. exd5
Nxd5 22. c4 Nf4 23. Bf1 b4 24. Rd6 Ra8 25. c5 Ng6 26. Bxa6 Rb8 27. Kc2 Nxe5 {
with an equal position but it is far from drawn. It is funny, but this endgame
is very similar to Fischer-Petrosian Bled 1961!}) 19. a3 Bc5 20. Bf3 $1 {
An important move which reinforces White's bishop pair and his pressure along
the centre.} Kd7 21. Be5 f6 22. Bc3 Kc6 23. exd5+ exd5 24. Re1 Bd6 25. g3 Rd8
26. b3 Kd7 27. Kb2 Rc8 28. b4 $1 {Fixing the queenside. The position is far
from lost but Minasian is pushing his opponent to the edge.} Rf8 29. Kb3 Rc8
30. Ra1 $1 {Minasian gradually follows his plan. He is going to undermine
Black's queenside which soon would become very vulnerable.} Rc4 31. a4 g5 $1 {
The best way to muddy the waters!} 32. axb5 axb5 {} 33. Ra7+ {} Ke6 {} 34.
fxg5 fxg5 (34... Nc6 $3 35. Rxh7 d4 36. Be1 Bxb4 37. Bxb4 Rxb4+ 38. Ka2 Ne5 {
would have given Black excellent drawing chances!}) 35. Be2 Nc6 36. Rxh7 Nd4+
37. Bxd4 Rxd4 38. c3 Rd2 39. Rh6+ Ke7 40. Bxb5 Be5 41. Ba6 Rf2 42. Bb7 {
Good enough. Minasian plays with patience and care.} Rd2 43. Bc8 Kd8 44. Bf5
Rf2 45. Bg4 Rf7 46. Re6 Re7 47. Kc2 $1 {Classy! Black had his rook tied to the
exchange of pieces which is unfavourable for him. In the meantime Minasian
brings his king into the game!} Ke8 48. Kd3 Kf7 49. Rc6 Bf6 50. b5 Rb7 51. Rc5
{White is going to win the next pawn and the game is completely won so the
strong Georgian GM throws in the towel. Minasian once more showed that his
experience and knowledge of chess is beyond the Elo number tied to his name in
the FIDE rating list.} 1-0